A guide to personal indexes, using edge-notched and peek-a-boo cards /

Bibliographic Details
Main Author: Foskett, A. C. (Antony Charles)
Format: Book
Language:English
Published: [Hamden, Conn.] : Archon Books, [1967]
Subjects:

MARC

Tag First Indicator Second Indicator Subfields
LEADER 00000cam a2200000 4500
001 in00000106449
005 20150927204458.0
008 680301s1967 ctua 00010 eng
010 |a  68001045  
035 |a (OCoLC)00430091 
035 |9 AAM1674AM 
040 |a DLC  |c DLC  |d TXA  |d UtOrBLW 
049 |a TXAM  |c [914367] 
050 0 0 |a Z695.92  |b .F63 1967a 
082 0 |a 029.5/3 
100 1 |a Foskett, A. C.  |q (Antony Charles) 
245 1 2 |a A guide to personal indexes, using edge-notched and peek-a-boo cards /  |c by A. C. Foskett. 
264 1 |a [Hamden, Conn.] :  |b Archon Books,  |c [1967] 
300 |a 80 pages :  |b illustrations ;  |c 23 cm. 
336 |a text  |b txt  |2 rdacontent 
337 |a unmediated  |b n  |2 rdamedia 
338 |a volume  |b nc  |2 rdacarrier 
500 |a Second edition published in 1970 under title: A guide to personal indexes using edge-notched, unitern and peek-a-boo cards. 
650 0 |a Punched card systems. 
999 |a MARS 
999 f f |s e946d6c0-ba10-322a-8880-19c1c5a56b2b  |i 51263a02-06e4-32b9-895b-6b38b66d1e62  |t 0 
952 f f |p ric  |a Texas A&M University  |b Rellis Campus  |c Joint Library Facility  |d Remote Storage  |t 0  |e Z695.92 .F63 1967a  |h Library of Congress classification  |i unmediated -- volume  |m A14805740872 
998 f f |a Z695.92 .F63 1967a  |t 0  |l Remote Storage